Vládny dozor nad kyberpriestorom

Dva najdôležitejšie vynálezy našej generácie, ktoré zmenili svet - internet a mobilné telefóny. Globálna sloboda a neobmedzený online svet. Sledovanie cez internet a jeho odhalenie v roku 2013, keď naň upozornil E. Snowden.

Gespeichert in:
Bibliographische Detailangaben
1. Verfasser: Hyppönen, Mikko
Format: Buchkapitel
Sprache:Slowakisch
Schlagworte:
Tags: Tag hinzufügen
Keine Tags, Fügen Sie das erste Tag hinzu!

MARC

LEADER 00000naa a2200000 4500
001 0183588
005 20220725111714.5
041 0 |a slo 
044 |a SK 
245 1 0 |a Vládny dozor nad kyberpriestorom  |c Mikko Hyppönen 
520 |a Dva najdôležitejšie vynálezy našej generácie, ktoré zmenili svet - internet a mobilné telefóny. Globálna sloboda a neobmedzený online svet. Sledovanie cez internet a jeho odhalenie v roku 2013, keď naň upozornil E. Snowden. 
610 2 0 |a internet 
610 2 0 |a technológie informačné 
610 2 0 |a technológie komunikačné 
610 2 0 |a informatizácia 
610 2 0 |a distribúcia informácií 
610 2 0 |a bezpečnosť informačná 
610 2 0 |a svet 
100 1 |a Hyppönen, Mikko